000 02834cam a22005294i 4500
003 PE-LiUPU
005 20250731180143.0
008 150706s r 000 0 d
020 _a8427804326
035 _a(Sirsi) i9788427804326
040 _aPE-LiUPU
_bspa
_cPE-LiUPU
_erda
049 _aPRUA
082 0 4 _a574
_bP12
_221
100 1 _aPaccini, Alessandro,
_eautor.
245 1 0 _aTodo sobre el origen de la vida :
_bPor qué - cuándo cómo - dónde nace un niño /
_cAlessandro Paccini texto de Mantella y Sagona; [traducción de Ll. Gil] .
264 1 _aBarcelona :
_bNauta,
_c1975.
300 _a43 páginas :
_bilustraciones ;
_c26 centímetros
336 _atext
_2rdacontent
337 _aunmediated
_2rdamedia
338 _avolume
_2rdacarrier
505 0 _aPor qué -- La célula es la unidad de la vida -- ¿Y el hombre? -- Salud inteligencia, belleza, talento son determinados por los genes -- La vida del hombre es breve -- Órganos -- Cómo -- El hombre y la mujer -- Desarrollo del embrión y del feto -- El regazo de la madre y la leche tibia lo conciliarán rápidamente con la vida -- Mensaje ecológico a los niños de todo el mundo -- Hace cien años nacía una palabra nueva -- Toda la vida está confinada en una delgada capa llamada "biosfera" -- Numerosos hilos invisibles una a los seres vivientes -- Numerosos hilos invisibles unen a los seres vivos con el lugar donde viven.-Luz -- Aire -- Agua -- La concha ecológica -- La red ecológica de la vida -- Las cadenas alimentarias -- Formas de asociación -- La adaptación es la mejor manera de sobrevivir -- La capacidad de correr -- La duración de la vida -- La contaminación -- La situación ecológica actual es dramática -- El hombre empezó a transformar el ambiente con la agricultura y la ganadería -- Hoy estamos en esta situación peligrosa -- Ayuda urgente en caso contrario, morirá -- Qué se está haciendo en el mundo -- También tu puedes hacer algo.
526 _aSEG44
526 _aSEG26
526 _aP159
526 _aP155
526 _aP154
526 _aP153
526 _aP150
526 _aP100
526 _aP31
526 _aP30
526 _aP26
526 _aP25
526 _aP24
526 _aP22
526 _aP15
526 _aP10
650 0 4 _aEducación sexual
_xLibros infantiles.
700 1 _aAliverti, María Gabriela.
910 _bjv
_clch
_d20110426
942 _2ddc
_cBOOK
949 _a574 P12
_wDEWEY
_c1
_i25726
_lCCODEBUL1
_mBUL
_r0
_sY
_tBOOK
_u2015-7-6
_xTEOLOGIA
_zUNKNOWN
_0COMPRA
_o.STAFF. Colección General
994 _aC0
_bPEPRU
596 _a1
999 _a574 P12
_wDEWEY
_c51884
_i25726
_f2021-11-12
_g5
_lCCODEBUL1
_mBUL
_r0
_sY
_tBOOK
_u2015-7-6
_xTEOLOGIA
_zUNKNOWN
_0COMPRA
_o.STAFF. Colección General
_d51884
980 _81
_gALBERTO SANCHEZ Responsable de Automatización